| 000 | 00453 a2200145 4500 | ||
|---|---|---|---|
| 005 | 20250612141819.0 | ||
| 020 | _a0-471-44618-1 | ||
| 082 | _aLECT 658.503 JOH | ||
| 100 | _aJOHNSON, L. A. | ||
| 245 | _aOperation research in production planning, scheduling, and inventory control | ||
| 260 |
_aNew York, _bWiley, _c1974. |
||
| 300 |
_axiv, 525p.: ill.; chart, figure, graph, table. _bIndex. _c23cm. |
||
| 700 | _aMONTGOMERY, D. C. | ||
| 942 |
_2ddc _cBKS |
||
| 999 |
_c3878 _d3878 |
||